Statistics for The Escapists Series All Prisons

Click here to take the quiz!

General Stats

  • This quiz has been taken 33 times
    (27 since last reset)
  • The average score is 11 of 38

Answer Stats

Answer% Correct
Center Perks
94%
Center Perks 2.0
71%
U.S.S. Anomaly
59%
Area 17
47%
Cougar Creek Railroad
41%
HMP Irongate
41%
K.A.P.O.W Camp
41%
Rattlesnake Springs
41%
Shankton State Penitentiary
41%
Stalag Flucht
41%
Fort Tundra
35%
H.M.S. Orca
35%
Jungle Compound
35%
San Pancho
35%
Alcatraz
29%
H.M.P Offshore
29%
Jingle Cells
29%
Santa's Sweatshop
29%
Snow Way Out
29%
Camp Epsilon
24%
Duct Tapes are Forever
24%
Dungeons and Duct Tape
24%
London Tower
24%
Santa's Shakedown
24%
Banned Camp
18%
Fhurst Peak Correctional Facility
18%
Fort Bamford
18%
Precinct 17
18%
The Glorious Regime
18%
Wicked Ward
18%
Paris Central Pen
12%
The Escape Team
12%
Alexandria
6%
Big Top Breakout
6%
Greene Family Farm
6%
Woodbury
6%
Harrison Memorial Hospital
0%
Meriweather Correctional Facility
0%

Score Distribution

Percentile by Number Answered

Percent of People with Each Score

Your Score History

You have not taken this quiz since the last reset